Universální přípravky ve strojírenství soubor výkresů

Bibliographic Details
Main Author: Kuzněcov, V. S. (Author)
Format: Book
Language:Undetermined
PhysicalDescription:291 s.
Published: Praha Státní nakladatelství technické literatury 1955

MARC

LEADER 00000nam a2200000 a 4500
001 vtls001402903
003 SK-MaSNL
005 20260301071747.0
008 240318s1955 xx 0 und
035 |a SNK000357452 
040 |a SNK  |b slo  |c SNK  |e AACR2 
100 1 |a Kuzněcov, V. S.  |4 aut  |9 390072 
245 1 0 |a Universální přípravky ve strojírenství  |b soubor výkresů 
260 |a Praha  |b Státní nakladatelství technické literatury  |c 1955 
300 |a 291 s. 
999 |c 638913  |d 640843 
952 |t P60, <04>, [BOOK], {604}  |a SNK  |b SNK  |y VYP  |7 0  |p 17A0262620  |o snkIC 13392  |0 0  |1 0  |4 0  |d 2000-12-13  |l 0  |r 2005-01-02 00:00:00  |w 2026-02-23